[Event "Liga CS Istok 2017"]
[Site "Zaječar, Hotel "]
[Date "2017.10.14"]
[Round "10.3"]
[White "Milenkovic, Mladen"]
[Black "Tosic, Branislav"]
[Result "1-0"]
[WhiteElo "2335"]
[BlackElo "2208"]
[PlyCount "54"]
[EventDate "2017.09.03"]

1. e4 e6 2. d4 d5 3. Nc3 Bb4 4. a3 Bxc3+ 5. bxc3 dxe4 6. Qg4 Nf6 7. Qxg7 Rg8 8.
Qh6 Rg6 9. Qe3 b6 10. Ne2 Bb7 11. Nf4 Rg8 12. Bb2 Nbd7 13. h3 Qe7 14. a4 e5 15.
dxe5 Qxe5 16. a5 O-O-O 17. Be2 Qg5 18. c4 Nc5 19. O-O Rd6 20. g3 Kb8 21. axb6
cxb6 22. Rfd1 Rgd8 23. Rxd6 Rxd6 24. Rd1 Rxd1+ 25. Bxd1 Ncd7 26. Be2 Qc5 27.
Bd4 Qd6 {Partija je dalje nečitko napisana.} 1-0

[Event "Liga CS Istok 2017"]
[Site "Zaječar, Hotel "]
[Date "2017.10.14"]
[Round "10.3"]
[White "Trailovic, Mile"]
[Black "Zivkovic, Momcilo"]
[Result "0-1"]
[WhiteElo "2094"]
[BlackElo "2047"]
[PlyCount "50"]
[EventDate "2017.09.03"]

1. e4 e6 2. d3 d5 3. Bd2 b6 4. Nc3 Nf6 5. g3 Bb7 6. Bg2 dxe4 7. dxe4 g6 8. Nge2
Bg7 9. O-O O-O 10. Qc1 Re8 11. Bg5 Qc8 12. h3 e5 13. Bh6 Bh8 14. f4 Nbd7 15. f5
Bc6 16. g4 Qb7 17. Ng3 Nc5 18. Qe3 Red8 19. Rf2 Rd7 20. Raf1 Ne8 21. b4 Na4 22.
Nd5 Bb5 23. fxg6 fxg6 24. c4 Bxc4 25. Rc1 b5 {Partija je dalje nečitko
napisana.} 0-1

[Event "Liga CS Istok 2017"]
[Site "Zaječar, Hotel "]
[Date "2017.10.14"]
[Round "10.3"]
[White "Desic, Zoran"]
[Black "Vlajic, Sasa"]
[Result "0-1"]
[WhiteElo "2001"]
[BlackElo "2147"]
[PlyCount "78"]
[EventDate "2017.09.03"]

1. e4 d5 2. Nc3 Nf6 3. exd5 Nxd5 4. Bc4 c6 5. Qf3 Nf6 6. h3 Nbd7 7. d4 Nb6 8.
Bb3 Qxd4 9. Nge2 Qd6 10. Bd2 e5 11. O-O-O Qc7 12. Ne4 Be7 13. Bg5 Nbd5 14. N2c3
Nxe4 15. Nxe4 Be6 16. Bxe7 Qxe7 17. c4 Nf4 18. Nd6+ Kf8 19. Kb1 a5 20. a4 g5
21. g3 Ng6 22. Bc2 Rd8 23. c5 Kg7 24. Bf5 Qf6 25. g4 Nh4 26. Qd3 Nxf5 27. gxf5
Bd5 28. Rhg1 b6 29. Qe3 h6 30. h4 bxc5 31. Nb7 Qxf5+ 32. Ka1 Rb8 33. hxg5 Rxb7
34. gxh6+ Kf6 35. Qxc5 Rb4 36. Qxa5 Qe4 37. b3 Rxb3 38. f4 Ra3+ 39. Kb2 Ra2+
0-1

[Event "Liga CS Istok 2017"]
[Site "Zaječar, Hotel "]
[Date "2017.10.14"]
[Round "10.3"]
[White "Nikolic, Nikola*"]
[Black "Arsic, Novica"]
[Result "1-0"]
[WhiteElo "1840"]
[BlackElo "1883"]
[PlyCount "125"]
[EventDate "2017.09.03"]

1. d4 Nf6 2. c4 g6 3. Nc3 Bg7 4. e4 d6 5. g3 O-O 6. Bg2 e5 7. d5 Nbd7 8. Nge2
a5 9. a4 Nc5 10. O-O Nfd7 11. Be3 b6 12. Qc2 Nb8 13. Bxc5 dxc5 14. Nb5 Bd7 15.
f4 exf4 16. gxf4 Bxb5 17. axb5 Nd7 18. Ng3 Bd4+ 19. Kh1 Nf6 20. Qe2 h5 21. e5
Ng4 22. Ne4 Qh4 23. h3 Kg7 24. Ra2 Rae8 25. b3 f6 26. e6 f5 27. Ng5 Qg3 28. Nf3
Ne3 29. Re1 Nxg2 30. Qxg2 Qxf4 31. Nxd4 Qxd4 32. Rg1 Rf6 33. Qg3 f4 34. Qf3 Kh6
35. Re2 Re7 36. Re4 Qd2 37. Re2 Qd4 38. Re4 Qd2 39. Rd1 Qc2 40. Rxf4 Qxd1+ 41.
Qxd1 Rxf4 42. d6 Rxe6 43. d7 Rf8 44. d8=Q Rxd8 45. Qxd8 Rd6 46. Qxc7 Rd1+ 47.
Kg2 Rd2+ 48. Kf3 Rd3+ 49. Ke2 Rxb3 50. Qxb6 a4 51. Qxc5 a3 52. Qa7 Rb2+ 53. Kd3
Ra2 54. c5 Ra1 55. c6 a2 56. Kc2 Rh1 57. Kb2 a1=Q+ 58. Qxa1 Rxa1 59. Kxa1 g5
60. c7 g4 61. c8=Q Kg5 62. hxg4 hxg4 63. Qxg4+ 1-0

[Event "Liga CS Istok 2017"]
[Site "Zaječar, Hotel "]
[Date "2017.10.14"]
[Round "10.3"]
[White "Jovkic, Nikola"]
[Black "Nikic, Dragan"]
[Result "1/2-1/2"]
[WhiteElo "1744"]
[BlackElo "1821"]
[PlyCount "22"]
[EventDate "2017.09.03"]

1. e4 c5 2. Nf3 d6 3. Bc4 e6 4. d4 cxd4 5. Nxd4 a6 6. Be3 Nf6 7. Nc3 Be7 8. f3
Qc7 9. Bb3 Nbd7 10. Qd2 b5 11. O-O O-O 1/2-1/2

[Event "Liga CS Istok 2017"]
[Site "Zaječar, Hotel "]
[Date "2017.10.14"]
[Round "10.4"]
[White "Dinic, Dragan"]
[Black "Zlatanovic, Zoran"]
[Result "1-0"]
[WhiteElo "2267"]
[BlackElo "2071"]
[PlyCount "71"]
[EventDate "2017.09.03"]

1. e4 c5 2. Nf3 d6 3. Bc4 e6 4. O-O Nf6 5. d3 Nbd7 6. c3 Qc7 7. Re1 a6 8. Nbd2
Ne5 9. Nxe5 dxe5 10. Nf3 h6 11. Bb3 Bd7 12. d4 c4 13. Bc2 exd4 14. Nxd4 e5 15.
Nf5 O-O-O 16. Qf3 h5 17. Bg5 Bc5 18. h3 Rdg8 19. b4 Bf8 20. Rad1 Ne8 21. Rd2 f6
22. Red1 Be6 23. Be3 g6 24. Rd8+ Qxd8 25. Rxd8+ Kxd8 26. Bb6+ Kc8 27. Qd1 Bd7
28. Ba4 Rh7 29. Qd5 Rgh8 30. Ne3 Nc7 31. Bxc7 Kxc7 32. Qxc4+ Kb8 33. Bxd7 Rxd7
34. Qe6 Rd6 35. Qe8+ Ka7 36. Qxg6 1-0

[Event "Liga CS Istok 2017"]
[Site "Zaječar, Hotel "]
[Date "2017.10.14"]
[Round "10.4"]
[White "Petrovic, Petar R*"]
[Black "Rajkovic, Branislav"]
[Result "1/2-1/2"]
[WhiteElo "1994"]
[BlackElo "2083"]
[PlyCount "59"]
[EventDate "2017.09.03"]

1. e4 c5 2. Nf3 d6 3. d4 cxd4 4. Nxd4 Nf6 5. Nc3 g6 6. Be2 Bg7 7. Be3 O-O 8.
O-O Bd7 9. Qd2 Nc6 10. h3 Nxd4 11. Bxd4 Bc6 12. Bf3 Qa5 13. Rad1 e5 14. Be3 Qb4
15. Nd5 Nxd5 16. exd5 Qxd2 17. Rxd2 Bd7 18. Be2 f5 19. f4 b6 20. c4 Rae8 21.
fxe5 Bxe5 22. Bh6 Rf7 23. Bf3 Bc8 24. Rc1 Bg3 25. Re2 Rfe7 26. Rxe7 Rxe7 27.
Bg5 Re8 28. Bd2 Be5 29. Bc3 Bg3 30. Bd4 1/2-1/2

[Event "Liga CS Istok 2017"]
[Site "Zaječar, Hotel "]
[Date "2017.10.14"]
[Round "10.4"]
[White "Colic, Ninoslav"]
[Black "Radojkovic, Stefan**"]
[Result "1/2-1/2"]
[WhiteElo "2100"]
[BlackElo "2014"]
[PlyCount "37"]
[EventDate "2017.09.03"]

1. Nf3 e6 2. b3 c5 3. Bb2 Nf6 4. g3 b6 5. Bg2 Bb7 6. O-O Be7 7. d3 d5 8. Nbd2
Nbd7 9. e4 dxe4 10. dxe4 O-O 11. Qe2 Qc7 12. c4 Rfd8 13. Rad1 h6 14. h3 a5 15.
a4 Rac8 16. Rfe1 Qb8 17. Qe3 Nh7 18. Qc3 f6 19. Qc2 1/2-1/2

[Event "Liga CS Istok 2017"]
[Site "Zaječar, Hotel "]
[Date "2017.10.14"]
[Round "10.4"]
[White "Velikic, Vule"]
[Black "Stojanovic, Sreten"]
[Result "0-1"]
[WhiteElo "1804"]
[BlackElo "2065"]
[PlyCount "95"]
[EventDate "2017.09.03"]

1. d4 d5 2. c4 c6 3. Nc3 Nf6 4. e3 Qa5 5. Bd3 dxc4 6. Bxc4 b5 7. Bd3 Na6 8. Bd2
Qb6 9. Ne4 Nd5 10. Rc1 e6 11. Nf3 f6 12. O-O Be7 13. Nc3 Bd7 14. e4 Nxc3 15.
bxc3 O-O 16. Rb1 Nc7 17. Be3 Qb7 18. Nd2 a6 19. a4 Qc8 20. a5 Ne8 21. Nb3 Nd6
22. Qe2 Nb7 23. f4 Bd8 24. Ra1 Bc7 25. Rf3 e5 26. f5 Be8 27. c4 Bf7 28. Qc2 Qd8
29. Qc3 Kh8 30. d5 cxd5 31. cxd5 Rc8 32. Qe1 Bd6 33. Bd2 Nc5 34. Nxc5 Bxc5+ 35.
Be3 Qd6 36. Rh3 Bxe3+ 37. Rxe3 Qc5 38. Kh1 Qd4 39. Bf1 Rfd8 40. g4 Rc2 41. Rd3
Qb2 42. Rad1 Rxh2+ 43. Kg1 Rc2 44. R3d2 Rxd2 45. Qxd2 Qa3 46. Kg2 h5 47. Be2 b4
48. Bd3 0-1

[Event "Liga CS Istok 2017"]
[Site "Zaječar, Hotel "]
[Date "2017.10.14"]
[Round "10.4"]
[White "Laban, Dragan"]
[Black "Milutinovic, Bojan"]
[Result "1/2-1/2"]
[WhiteElo "1608"]
[BlackElo "1798"]
[PlyCount "64"]
[EventDate "2017.09.03"]

1. d4 d5 2. Bf4 Nf6 3. e3 Bf5 4. Bd3 Bxd3 5. Qxd3 c6 6. Nf3 e6 7. Nbd2 Be7 8.
c3 O-O 9. h4 Nbd7 10. Qe2 c5 11. Ne5 cxd4 12. exd4 Nxe5 13. dxe5 Nd7 14. Nf3
Rc8 15. Ng5 Rc4 16. Qh5 h6 17. g3 Nc5 18. Rd1 Qb6 19. Bc1 Ne4 20. Nxe4 Rxe4+
21. Kf1 Qa6+ 22. Kg2 Qxa2 23. Rd3 Qc4 24. Rhd1 Qc6 25. Rf3 Qc4 26. Rf4 Qe2 27.
Qxe2 Rxe2 28. Be3 Rxb2 29. Bxa7 b6 30. c4 dxc4 31. Rxc4 Bc5 32. Rxc5 bxc5
1/2-1/2

[Event "Liga CS Istok 2017"]
[Site "Zaječar, Hotel "]
[Date "2017.10.14"]
[Round "10.5"]
[White "Urosevic, Dejan"]
[Black "Minic, Marko"]
[Result "1/2-1/2"]
[WhiteElo "1899"]
[BlackElo "1936"]
[PlyCount "29"]
[EventDate "2017.09.03"]

1. e4 c5 2. Nf3 d6 3. d4 cxd4 4. Nxd4 Nf6 5. Nc3 a6 6. h3 e6 7. Be3 Be7 8. Qd2
O-O 9. g4 b5 10. a3 Bb7 11. f3 Qc7 12. Qf2 Nfd7 13. Nb3 Nc6 14. Be2 Nce5 15.
O-O 1/2-1/2

[Event "Liga CS Istok 2017"]
[Site "Zaječar, Hotel "]
[Date "2017.10.14"]
[Round "10.5"]
[White "Miljkovic, Slobodan*"]
[Black "Jankovic, Uros**"]
[Result "1/2-1/2"]
[WhiteElo "1842"]
[BlackElo "1802"]
[PlyCount "25"]
[EventDate "2017.09.03"]

1. d4 d5 2. Nf3 Bf5 3. e3 e6 4. c4 c6 5. Nc3 Nd7 6. cxd5 exd5 7. Bd3 Bg6 8. O-O
Ngf6 9. Re1 Be7 10. h3 O-O 11. a3 a6 12. b4 Re8 13. Qc2 1/2-1/2